| 000 | 01094nam a2200277Ia 4500 | ||
|---|---|---|---|
| 008 | 191130s2008##################000#0#eng## | ||
| 020 | _a9781846077944 | ||
| 022 | _a2008053847 | ||
| 040 |
_aACL _cACL |
||
| 082 | _a940.5347 REE | ||
| 100 | _aRees, Laurence | ||
| 245 |
_aWorld war II behind closed doors : Stalin, the Nazis and the west _cLaurence Rees |
||
| 250 | _a1st American ed | ||
| 260 |
_aNew York _bPantheon Books _cc2008 |
||
| 300 | _a442, [16] p. of plates : ill., maps ; 25 cm | ||
| 500 | _aIncludes bibliographical references (p. [415]-428) and index | ||
| 650 | _aChurchill, Winston, 1874-1965 - Political and social views | ||
| 650 | _aEurope, Eastern - History - 1945-1989 - Biography | ||
| 650 | _aRoosevelt, Franklin D. (Franklin Delano), 1882-1945 - Political and social views | ||
| 650 | _aSoviet Union - Foreign relations - 1917-1945 | ||
| 650 | _aSoviet Union - History - 1925-1953 - Biography | ||
| 650 | _aSoviet Union - History - 1953-1985 - Biography | ||
| 990 | _a5cf4238bac10000c4743bcac6dcb55e3 | ||
| 991 | _a175492 | ||
| 999 |
_c308199 _d308199 |
||